| 000 | 00709nam a22002177a 4500 | ||
|---|---|---|---|
| 999 |
_c18723 _d18723 |
||
| 003 | AR-CdUCM | ||
| 008 | 190515b ||||| |||| 00| 0 spa d | ||
| 040 |
_aMUNICIPALIDAD PROVINCIAL DEL CUSCO _cBIBLIOTECA MUNICIPAL DEL CUSCO |
||
| 082 |
_a321 / _bV68 |
||
| 100 |
_aVilloro, Luis _939480 |
||
| 245 | _aSignos políticos / | ||
| 260 |
_aMéxico D. F. : _bGrijalbo, _c1974. |
||
| 300 |
_a159 páginas ; _c19 cm. |
||
| 440 |
_aColección 70 Tercera serie. _n141 _939481 |
||
| 505 | _aContenido: Perspectivas mundiales -- La coyuntura Mexicana -- Educación superior. | ||
| 650 |
_aPolítica _9291 |
||
| 650 |
_aMéxico _918 |
||
| 650 |
_aEducación _9460 |
||
| 942 |
_2ddc _cLIBROS |
||
| 945 |
_aachl _d2019-05-15 |
||